| 000 | 00558nam a2200205Ia 4500 | ||
|---|---|---|---|
| 001 | 15758 | ||
| 003 | GE_BSU | ||
| 008 | 181216s||||||||xx |||||||||||||| ||und|| | ||
| 040 | _cGE_BSU | ||
| 080 | _a821.353.1-1 | ||
| 100 | _aხეჩუაშვილი, გიგო | ||
| 245 | _aლექსები | ||
| 245 | _cპ/მგ რედ.კ.ბობოხიძე | ||
| 260 | _aთბილისი | ||
| 260 | _bსახელგამი | ||
| 260 | _c1939 | ||
| 300 | _a79გვ. ; 23სმ | ||
| 653 | _aლექსები | ||
| 942 | _cBK | ||
| 999 |
_c48856 _d48856 |
||